MDQL
is popping MORE tags! Check the
thread
!
Quizzes
Events
Quiz Creation
Community
Videos
Private Events
Remove Ads
Sign In
Join for FREE
Feedback
Dark Mode
Quiz Categories
Sports
Geography
Music
Movies
Television
Just For Fun
Miscellaneous
History
Literature
Language
Science
Gaming
Entertainment
Religion
Holiday
For Kids
Quiz Lab
Recent
Popular Today
Quiz Kudos Today
Editor Picks
Curator Picks
Quizzes by...
Day
Popularity
Type
Ratings
Length
Year
Community
Subscriptions
Recent Discussions
Orange Saloon
Badges
Playlists
Quests
Create
Leaderboards
Showdown
Live 5
Trivia Bingo
Activity
Puzzle Library
Sporcle Events
Private Events
Virtual Trivia
Globe League
Become a Host
Pub Owners
SporcleCon
Opinionation
Our Games
Videos
Blog
Mobile Apps
Partnerships
Remove Ads and Go Orange
Feedback
Television
TV Characters
TV Show
Sitcom
Network
Friends
Reality Shows
Cast
South Park
Star Trek
The Simpsons
Doctor Who
Television
TV Characters
TV Show
Sitcom
Network
Friends
Reality Shows
Cast
South Park
Star Trek
The Simpsons
Doctor Who
Random Quiz
Search Sporcle
×
Quiz Lab
Quiz Lab
Television
Doctor Who
Type in answers that appear in a list
Type in answers that appear in a list
Classic
Best Score? Go Orange.
Doctor Who Dalek Colours Trivia Stats
Can you name the random trivia about colours used by the Daleks?
By
PryceV1
10m
30 Questions
46 Plays
46 Plays
46 Plays
Comments
Comments
Give Quiz Kudos
Give Quiz Kudos
-
- Ratings
hide this ad
Forced Order
Answers have to be entered in order
Answers have to be entered in order
Replay
Link that replays current quiz
Next Quiz
Link to next quiz in quiz playlist
You Got
0%
They Got
Avg Score
57%
Avg Friend Score
Upgrade to see
Score Distribution
Jump to the score distribution portion of the page
Score
0/30
Timer
10:00
0
Plays Today
Question
Answer
% Correct
What is the casing colour of the original Skaro Daleks?
Silver
87%
What colour are the balls on the original Skaro Daleks?
Blue/ Cyan
82.6%
What colour is emitted when an Imperial Dalek hovers?
Red/ Orange/ Pink
73.9%
What colour is the eye stalk on the Imperial Daleks?
Gold
71.7%
What colour is the plunger on the Imperial Daleks?
Gold
71.7%
What is the casing colour of Cult of Skaro leader Dalek Sec?
Black
69.6%
What is the casing colour of the Renegade Daleks?
Grey
69.6%
What is the head colour of the Supreme Council Dalek?
Gold
69.6%
What colour is the laser beam from the Time War Daleks?
Blue/ White
67.4%
What is the casing colour of the Time War Daleks?
Bronze/ Gold
65.2%
What colour is the laser beam from the Special Weapons Dalek?
Yellow/ Gold/ Green/ White
65.2%
What is the casing colour of the Paradigm Eternal Dalek?
Yellow & Grey
63%
What is the eye stalk light colour on the Time War Daleks?
Blue
60.9%
What is the casing colour of the Paradigm Scientist Dalek?
Orange & Grey
60.9%
What is the casing colour of the Ironside Daleks?
Olive Green
60.9%
Question
Answer
% Correct
What is the casing colour of the Paradigm Strategist Dalek?
Blue & Grey
60.9%
What colour are the lights on top of the Supreme Council Dalek?
Purple/ Indigo/ Blue/ Pink
58.7%
What colour is a self destructing Time War Daleks orb?
Blue
58.7%
What colour are the laser beams of Dalek Rusty's antibodies?
Blue/ White
56.5%
What colour is the laser weapon on a Time War Dalek?
Silver
54.3%
What is the skin colour of Dalek Caan from 2008?
Pink
52.2%
What is the colour of Dalek Caan's eye from 2008?
Yellow
52.2%
What colour is the cannon from the Special Weapons Dalek?
Grey
52.2%
What is the eye stalk light colour on the red Dalek in the 1965 film?
White/ Yellow
50%
What is the base colour of the red Dalek in the 1965 film?
Gold
45.7%
What is the casing colour of the Supreme Dalek from 2008?
Red & Gold
39.1%
What colour are the lights on top of the Daleks in the 1965 film?
Red
37%
What is the casing colour of the Special Weapons Dalek?
White & Gold
30.4%
What colours does Dalek Sec have on his head in a hybrid form?
Pink & Brown
28.3%
What colours are the balls on the black Dalek in the 1965 film?
Silver & Gold
19.6%
Quiz Playlist
Details
Report
Send in Message
Add To Playlist
Classic:
Type in answers that appear in a list
Forced Order:
Answers have to be entered in order
Last Updated: Feb 16, 2017
Quiz Scoreboard
CHALLENGE
Sign Up to Join the Scoreboard
Show All
Scores
Hide
Comments
May contain spoilers
Recently Published
Street Fighter Characters
by Artimus82
Gaming
60s
9x9 Crossword: Cartoon Network
by jackfrog10
Miscellaneous
3m
College Basketball Coaching Resumes
by pancakes188
Sports
9m
More to Explore
Quiz From the Vault
Featured Blog Post
Where Did the Easter Bunny Come From?
hide this ad
You Might Also Like...
Tags
Color Quiz
Doctor Who Quiz
dalek
Today's Top Quizzes in Television
Browse Television
hide this ad
Today's Top Quizzes in Doctor Who
Browse Doctor Who
Top Contributed Quizzes in Television
1
5-to-1: The Simpsons Families
2
Adjectives in 80s TV Shows
3
Adjectives in 00s TV Shows
4
Survivor Journey Challenge
5
5-to-1: Television Doctors
6
7-to-1: TV Show Settings
7
Adjectives in 10s TV Shows
8
5-to-1: Streaming Originals
9
Survivor Seasons
10
Adjectives in 70s TV Shows
Explore More
Trending Topics
Marvel
Harry Potter
NBA
Disney
Anime
Crossword
Kpop
Puzzle
The Office
Pokémon
NFL
Country
Song
WWE
Soccer
hide this ad
More By:
PryceV1
Quiz
Plays
Rating
Category
Featured
Created
Word Ladder: Sunburn
9,622
4.52
Just For Fun
Jun 5, 2020
Word Ladder: Mud
8,594
4.11
Just For Fun
Jun 8, 2019
Word Ladder: 1831 Steam Locomotive
5,060
4.38
Just For Fun
Jul 1, 2022
Word Ladder: Henry VIII's Flagship
4,478
4.62
Just For Fun
Aug 22, 2021
Word Ladder: Rescue Watercraft
4,144
4.51
Just For Fun
Jun 7, 2023
Go to Creator's Profile
Score Distribution
Quiz Creator Spotlight
PryceV1
Follow
Send a Message
Quizzes Created
-
Created Quiz Play Count
-
More By This Creator
Popular Quizzes Today
1
Find the US States - No Outlines Minefield
2
Find the Countries of Europe - No Outlines Minefield
3
The Countries of the World
4
Find the US States
5
Risky Map Clicking: Biggest States A-Z
6
US States
7
Popular People in 1961
8
Movies - When Are They Set?
More Television Quizzes
2014 Golden Globes Series with Multiple Nominations
Quiz Lab
Trending Quizzes
Risky Map Clicking: Least Populous States A-Z
Countries of the World: 200 Million BC
1-10 Letter G Words
Risky Map Clicking: Next State Alphabetically
Adjectives in 80s TV Shows
Recently Updated
Leaping Animals
pecheneg
Reality TV Shows (A-Z)
bhenderson79
Rickey Henderson's Hall of Fame Teammates
pecheneg
Champions League XIs: Arsenal
pecheneg
Quick Pick: Celebrities in WWE's Hall of Fame
aduchscher
A-Z Keypad Blitz II
pecheneg
Multiple Oscar Actors
pecheneg
Mystery Phrase Blitz: Oscar 'Best Actors'
pecheneg
F. Scott Fitzgerald Novels
LTH
Pick 3 Villains
ddd62291
Trending Topics
Marvel
Harry Potter
Anime
Crossword
Disney
NBA
Kpop
Puzzle
Soccer
NFL
Song
WWE
The Office
Pokémon
Country
Your Account Isn't Verified!
In order to create a playlist on Sporcle, you need to verify the email address you used during registration. Go to your
Sporcle Settings
to finish the process.
Report this User
Report this user for behavior that violates our
Community Guidelines
.
Details:
Send Report
Go to the Sporcle.com Mobile Site →
Comments